[Event "la-Grande 2014"]
[Site "Cappelle-la-Grande (FRA)"]
[Date "????.??.??"]
[Round "1.77"]
[White "Leruste, Georges"]
[Black "Bykhovsky, Avigdor"]
[Result "0-1"]
[WhiteElo "2179"]
[BlackElo "2421"]
[PlyCount "80"]
[EventDate "2014.03.01"]
[EventType "team-tourn"]
[EventCountry "FRA"]

1. Nf3 d5 2. g3 c6 3. Bg2 Bf5 4. O-O e6 5. d3 h6 6. c4 Nf6 7. cxd5 exd5 8. Nc3
Be7 9. Qb3 Qb6 10. e4 Qxb3 11. axb3 dxe4 12. dxe4 Be6 13. Nd4 Nbd7 14. Nxe6
fxe6 15. Bh3 Kf7 16. Be3 a6 17. Rad1 Rad8 18. Rfe1 Bb4 19. Bg2 e5 20. h3 Bc5
21. Bf1 Bxe3 22. Rxe3 Nc5 23. Rxd8 Rxd8 24. b4 Ne6 25. Rd3 Rd4 26. Rxd4 exd4
27. Na4 Nxe4 28. Bd3 Nd6 29. f4 Ke7 30. f5 Nc7 31. Nc5 Nd5 32. Ne6 Nxb4 33. Bb1
d3 34. Kf2 Nxf5 35. Nc5 d2 36. Ke2 Nxg3+ 37. Kxd2 b6 38. Nd3 Ne4+ 39. Ke3 Nxd3
40. Bxd3 Nc5 0-1

[Event "la-Grande 2014"]
[Site "Cappelle-la-Grande (FRA)"]
[Date "????.??.??"]
[Round "1.78"]
[White "Kristiansen, Jens"]
[Black "Medghoul, Sherif"]
[Result "1-0"]
[WhiteElo "2419"]
[BlackElo "2179"]
[PlyCount "37"]
[EventDate "2014.03.01"]
[EventType "team-tourn"]
[EventCountry "FRA"]

1. d4 d5 2. c4 c6 3. Nf3 Nf6 4. Nc3 e6 5. g3 Be7 6. Bg2 Nbd7 7. O-O b6 8. Ne5
Nxe5 9. dxe5 Nd7 10. cxd5 cxd5 11. e4 dxe4 12. Nxe4 Ba6 13. Re1 O-O 14. Bf4 Rc8
15. Qg4 Kh8 16. Rad1 Rc2 17. Qh5 g6 18. Qh6 Kg8 19. Rxd7 1-0

[Event "la-Grande 2014"]
[Site "Cappelle-la-Grande (FRA)"]
[Date "????.??.??"]
[Round "1.79"]
[White "Pit-Rada, Mihail-Cosmin"]
[Black "Skytte, Rasmus"]
[Result "0-1"]
[WhiteElo "2179"]
[BlackElo "2418"]
[PlyCount "60"]
[EventDate "2014.03.01"]
[EventType "team-tourn"]
[EventCountry "FRA"]

1. e4 c5 2. Nc3 Nc6 3. f4 e6 4. Nf3 Nge7 5. d4 cxd4 6. Nxd4 Nxd4 7. Qxd4 Nc6 8.
Qf2 d5 9. exd5 exd5 10. Bd3 Be7 11. O-O O-O 12. Kh1 Bf6 13. Qf3 Nb4 14. Bd2 b6
15. Rae1 Nxd3 16. cxd3 Bb7 17. Re2 Qd7 18. Rfe1 Bh4 19. Rf1 d4 20. Ne4 f5 21.
Qh3 Rae8 22. Bb4 Rf7 23. Ng3 Rxe2 24. Nxe2 Qd5 25. Ba3 Rc7 26. Nxd4 Qxd4 27.
Qxh4 Rc2 28. Rg1 Qxd3 29. Qe1 Re2 30. Qg3 Rxg2 0-1

[Event "la-Grande 2014"]
[Site "Cappelle-la-Grande (FRA)"]
[Date "????.??.??"]
[Round "1.80"]
[White "Terrieux, Kevin"]
[Black "Guerreiro, Nuno"]
[Result "1-0"]
[WhiteElo "2418"]
[BlackElo "2178"]
[PlyCount "69"]
[EventDate "2014.03.01"]
[EventType "team-tourn"]
[EventCountry "FRA"]

1. e4 c5 2. Nf3 g6 3. d4 cxd4 4. Nxd4 Nc6 5. c4 Nf6 6. Nc3 d6 7. Be2 Nxd4 8.
Qxd4 Bg7 9. Be3 O-O 10. Qd2 Qa5 11. O-O Be6 12. Rac1 Rfc8 13. b3 a6 14. Bf3 Qb4
15. Qe2 Bd7 16. Bd2 Qb6 17. e5 dxe5 18. Qxe5 Bc6 19. Bxc6 Qxc6 20. Qxe7 Re8 21.
Qa3 Ng4 22. h3 Ne5 23. Nd5 Rad8 24. Rcd1 Bf8 25. Bb4 Qe6 26. Rfe1 Qf5 27. Bxf8
Rxd5 28. cxd5 Rxf8 29. Re3 Rc8 30. Rc1 Rd8 31. Qe7 Rxd5 32. Rce1 Nd3 33. Rf3
Nf4 34. Qxb7 Ra5 35. Qb8+ 1-0

[Event "la-Grande 2014"]
[Site "Cappelle-la-Grande (FRA)"]
[Date "????.??.??"]
[Round "1.81"]
[White "Salles, Louis"]
[Black "Kanmazalp, Ogulcan"]
[Result "0-1"]
[WhiteElo "2178"]
[BlackElo "2416"]
[PlyCount "72"]
[EventDate "2014.03.01"]
[EventType "team-tourn"]
[EventCountry "FRA"]

1. e4 c5 2. Nf3 Nc6 3. d4 cxd4 4. Nxd4 Qb6 5. Nb3 Nf6 6. Nc3 e6 7. Be3 Qc7 8.
f4 Bb4 9. e5 Nd5 10. Bd2 Nxc3 11. bxc3 Be7 12. Qg4 g6 13. Bd3 d6 14. exd6 Bxd6
15. O-O Bd7 16. c4 O-O-O 17. c5 Be7 18. Bc3 h5 19. Qe2 h4 20. Bxh8 Rxh8 21. Be4
h3 22. g3 f5 23. Bxc6 Qxc6 24. Rf2 Bf6 25. Rd1 Qa4 26. Qe3 Re8 27. Rfd2 Bc6 28.
Rd6 Be4 29. c6 bxc6 30. Rd7 Rd8 31. Qd2 Bd5 32. Nc5 Qc4 33. Rxd8+ Bxd8 34. Nxe6
Bb6+ 35. Nd4 Bf3 36. Qd3 Qxd4+ 0-1

[Event "la-Grande 2014"]
[Site "Cappelle-la-Grande (FRA)"]
[Date "????.??.??"]
[Round "1.82"]
[White "Kohlweyer, Bernd"]
[Black "Grochal, Joey"]
[Result "1-0"]
[WhiteElo "2416"]
[BlackElo "2176"]
[PlyCount "139"]
[EventDate "2014.03.01"]
[EventType "team-tourn"]
[EventCountry "FRA"]

1. d4 Nf6 2. c4 e6 3. Nc3 Bb4 4. e3 O-O 5. Nge2 d5 6. a3 Bd6 7. Ng3 Nbd7 8.
cxd5 exd5 9. Nf5 Nb6 10. Nxd6 Qxd6 11. Be2 Re8 12. O-O Bf5 13. b3 Ne4 14. Qe1
Qg6 15. Kh1 Nd6 16. a4 c6 17. Ra2 Bc2 18. Rb2 Bd3 19. Qd1 Bxe2 20. Rxe2 Ne4 21.
Qc2 f5 22. Nd1 Re6 23. f3 Ng5 24. Nf2 Nd7 25. Nd3 Qf7 26. Qd1 Qe7 27. Bd2 Nf7
28. Nf4 Rh6 29. Qe1 g5 30. Bb4 Qe8 31. Nd3 Re6 32. Qf2 h6 33. Rfe1 Nh8 34. Qg3
Ng6 35. h3 Nf6 36. Qf2 b6 37. g4 fxg4 38. hxg4 Qd7 39. Qg3 Rae8 40. Bc3 Qe7 41.
Bb4 Qf7 42. Bc3 Nd7 43. Bd2 Qf6 44. Rf2 Qe7 45. Qc7 Nf6 46. Qxe7 R8xe7 47. Kh2
Rh7 48. Rc1 h5 49. gxh5 Nxh5 50. Kg1 Nh4 51. Ne5 c5 52. b4 c4 53. e4 dxe4 54.
fxe4 Rc7 55. Rc3 g4 56. Rh2 Nf3+ 57. Nxf3 gxf3 58. Rxh5 Rxe4 59. Rxf3 Rg7+ 60.
Kf2 Rg6 61. d5 Rgg4 62. Bc3 Rgf4 63. d6 Kf7 64. d7 Ke7 65. Rh7+ Kd8 66. Bf6+
Rxf6 67. Rxf6 c3 68. Rf8+ Kc7 69. d8=Q+ Kc6 70. Qd7# 1-0

[Event "la-Grande 2014"]
[Site "Cappelle-la-Grande (FRA)"]
[Date "????.??.??"]
[Round "1.83"]
[White "Paleologu, Vladimir"]
[Black "Roeder, Matthias"]
[Result "1/2-1/2"]
[WhiteElo "2176"]
[BlackElo "2416"]
[PlyCount "153"]
[EventDate "2014.03.01"]
[EventType "team-tourn"]
[EventCountry "FRA"]

1. e4 c5 2. Nf3 d6 3. d4 cxd4 4. Qxd4 a6 5. h3 Nf6 6. Be2 e6 7. O-O Be7 8. c4
O-O 9. Nc3 Qc7 10. b3 b6 11. Bb2 Nbd7 12. Rac1 Bb7 13. Bd3 Rac8 14. Rfe1 Rfe8
15. Qe3 Bf8 16. Nh2 Qb8 17. Ng4 Nxg4 18. hxg4 Ne5 19. Be2 d5 20. Na4 dxe4 21.
Nxb6 Rcd8 22. Bxe5 Qxe5 23. c5 Bc6 24. Bxa6 f5 25. f4 Qc7 26. gxf5 exf5 27.
Bc4+ Kh8 28. b4 g5 29. fxg5 f4 30. Qh3 Bg7 31. g6 h6 32. Rcd1 f3 33. gxf3 exf3
34. Rxe8+ Rxe8 35. Bd5 f2+ 36. Kxf2 Qf4+ 37. Kg1 Bd4+ 38. Kh1 Bxd5+ 39. Nxd5
Qe4+ 40. Qg2 Qh4+ 41. Qh2 Qe4+ 42. Qg2 Qh4+ 43. Qh2 Re1+ 44. Rxe1 Qxe1+ 45. Kg2
Qf2+ 46. Kh3 Qf5+ 47. Kg2 Qxd5+ 48. Kh3 Qe6+ 49. Kg2 Qxa2+ 50. Kh3 Qe6+ 51. Kg2
Qe4+ 52. Kh3 Qf5+ 53. Kg2 Qxg6+ 54. Qg3 Qc2+ 55. Kh3 Bf6 56. Qf4 Kg7 57. Qg4+
Kf7 58. Qh5+ Ke7 59. Qxh6 Qf5+ 60. Kg2 Qe4+ 61. Kf1 Qf3+ 62. Kg1 Bd4+ 63. Kh2
Qf2+ 64. Kh3 Qf5+ 65. Kh2 Qf2+ 66. Kh3 Qf3+ 67. Kh2 Be5+ 68. Kg1 Bf4 69. Qg7+
Ke6 70. Qg8+ Ke5 71. Qg7+ Kf5 72. Qf7+ Kg4 73. Qe6+ Kg5 74. Qe7+ Kh5 75. Qf7+
Kh4 76. Qh7+ Kg4 77. Qd7+ 1/2-1/2

[Event "la-Grande 2014"]
[Site "Cappelle-la-Grande (FRA)"]
[Date "????.??.??"]
[Round "1.84"]
[White "Mateo, Ramon"]
[Black "Vallet, Marc"]
[Result "1-0"]
[WhiteElo "2413"]
[BlackElo "2175"]
[PlyCount "77"]
[EventDate "2014.03.01"]
[EventType "team-tourn"]
[EventCountry "FRA"]

1. c4 e5 2. Nc3 Nc6 3. g3 g6 4. Bg2 Bg7 5. e3 d6 6. Nge2 h5 7. h3 Nge7 8. d4
exd4 9. exd4 Nf5 10. d5 Ne5 11. Ne4 Qe7 12. O-O O-O 13. Qb3 Nd7 14. Bg5 Qe5 15.
N2c3 Nd4 16. Qd1 f5 17. Bf4 Qe7 18. Ng5 Ne5 19. Qxd4 Nf3+ 20. Nxf3 Bxd4 21.
Nxd4 g5 22. Bd2 f4 23. Rfe1 Qg7 24. Ne6 Bxe6 25. dxe6 c6 26. Ne4 fxg3 27. fxg3
Qd4+ 28. Kh1 Rae8 29. Bc3 Qxc4 30. Nxd6 Qd3 31. Nxe8 Rxe8 32. Bf6 Qf5 33. Rf1
Qxe6 34. Bxg5 Qe5 35. Bf6 Qxg3 36. Rg1 Qe3 37. Bc3 Rf8 38. Rae1 Qf4 39. Be4+
1-0

[Event "la-Grande 2014"]
[Site "Cappelle-la-Grande (FRA)"]
[Date "????.??.??"]
[Round "1.85"]
[White "Borsuk, Angela"]
[Black "Berzinsh, Roland"]
[Result "0-1"]
[WhiteElo "2174"]
[BlackElo "2408"]
[PlyCount "94"]
[EventDate "2014.03.01"]
[EventType "team-tourn"]
[EventCountry "FRA"]

1. d4 d5 2. Nf3 Nf6 3. e3 e6 4. Bd3 c5 5. b3 cxd4 6. exd4 Bb4+ 7. c3 Bd6 8. Qe2
O-O 9. O-O b6 10. Bg5 Nbd7 11. Ne5 Qc7 12. f4 Bb7 13. Rf3 Ne4 14. Rh3 Bxe5 15.
Bxe4 Bxd4+ 16. cxd4 Qc1+ 17. Qf1 Qxf1+ 18. Kxf1 dxe4 19. Ke2 f6 20. Bh4 Rfd8
21. Rc3 Nf8 22. Ke3 Ng6 23. Bg3 Ne7 24. Kf2 Nf5 25. Na3 Rxd4 26. Rc7 e3+ 27.
Kg1 Be4 28. Be1 Rad8 29. g4 Rd1 30. Rcc1 Rxc1 31. Rxc1 Nd4 32. Kf1 Bd3+ 33. Kg2
Ne2 34. Rc7 Nxf4+ 35. Kf3 e5 36. Rxa7 e2 37. h4 b5 38. Rb7 Ra8 39. Nxb5 Bxb5
40. Rxb5 Rxa2 41. Rb8+ Kf7 42. h5 h6 43. Rb7+ Kg8 44. b4 Nd5 45. Ke4 Ra1 46.
Bg3 Rg1 47. Bf2 Nxb4 0-1

[Event "la-Grande 2014"]
[Site "Cappelle-la-Grande (FRA)"]
[Date "????.??.??"]
[Round "1.86"]
[White "Piscopo, Pierluigi"]
[Black "Rendboe, John"]
[Result "1/2-1/2"]
[WhiteElo "2407"]
[BlackElo "2173"]
[PlyCount "73"]
[EventDate "2014.03.01"]
[EventType "team-tourn"]
[EventCountry "FRA"]

1. e4 c5 2. Nf3 Nc6 3. Bb5 g6 4. c3 Qb6 5. Ba4 Bg7 6. O-O d6 7. d4 Bd7 8. Na3
Nf6 9. Re1 Rd8 10. d5 Nb8 11. e5 dxe5 12. Nxe5 O-O 13. Nxd7 Nbxd7 14. Bb3 Rfe8
15. Bf4 Nh5 16. Bg5 Nhf6 17. Qf3 a6 18. Rad1 Qc7 19. Nc4 b5 20. Bf4 Qc8 21. Na5
c4 22. Bc2 Nb6 23. Be4 Nxe4 24. Qxe4 e6 25. d6 Nd5 26. Bg3 Qd7 27. Qf3 Rc8 28.
h4 h5 29. Rxd5 exd5 30. Rxe8+ Rxe8 31. Qxd5 Bf6 32. Nb7 Re1+ 33. Kh2 Qe6 34.
Qf3 Be5 35. Bxe5 Qxe5+ 36. g3 Qe6 37. Kg2 1/2-1/2

[Event "la-Grande 2014"]
[Site "Cappelle-la-Grande (FRA)"]
[Date "????.??.??"]
[Round "1.87"]
[White "Roger, Mehdi"]
[Black "Kukov, Velislav"]
[Result "0-1"]
[WhiteElo "2173"]
[BlackElo "2399"]
[PlyCount "56"]
[EventDate "2014.03.01"]
[EventType "team-tourn"]
[EventCountry "FRA"]

1. e4 c6 2. d4 d5 3. e5 Na6 4. c3 Nc7 5. Bd3 g6 6. Ne2 h5 7. O-O Nh6 8. Bxh6
Bxh6 9. Qc2 Ne6 10. b4 Ng7 11. Nd2 Bf5 12. Nb3 O-O 13. a4 e6 14. a5 Qe7 15. Nc5
h4 16. Kh1 b6 17. axb6 axb6 18. Nb3 Qg5 19. h3 Qh5 20. Rxa8 Rxa8 21. Ra1 Rxa1+
22. Nxa1 Bxh3 23. gxh3 Qf3+ 24. Kg1 Qxh3 25. Nb3 Nh5 26. Nd2 Ng3 27. Nxg3 hxg3
28. Nf1 g2 0-1

[Event "la-Grande 2014"]
[Site "Cappelle-la-Grande (FRA)"]
[Date "????.??.??"]
[Round "1.88"]
[White "Vassallo Barroche, Mauricio"]
[Black "Spitz, Patrick"]
[Result "1-0"]
[WhiteElo "2398"]
[BlackElo "2171"]
[PlyCount "151"]
[EventDate "2014.03.01"]
[EventType "team-tourn"]
[EventCountry "FRA"]

1. Nf3 f5 2. d3 Nc6 3. e4 fxe4 4. Ng5 d5 5. dxe4 Nf6 6. exd5 Qxd5 7. Qxd5 Nxd5
8. Bd3 Ncb4 9. Be4 Nf6 10. a3 Nxe4 11. axb4 Nxg5 12. Bxg5 Bf5 13. Na3 e5 14. c3
Bd6 15. Nc4 Kd7 16. O-O-O Rhe8 17. Rhe1 Kc6 18. Na5+ Kb6 19. b3 Re6 20. Kb2 c6
21. Bh4 Kc7 22. Bg3 b5 23. Rd2 Rd8 24. Bh4 Rd7 25. Red1 Re8 26. Bg3 g5 27. Nb7
Bf8 28. Rxd7+ Bxd7 29. Nc5 Bxc5 30. bxc5 Kc8 31. Re1 e4 32. Kc2 Bf5 33. Kd2 Bg6
34. Ke3 Re6 35. Ra1 Kb7 36. Rd1 Kc8 37. b4 Bf5 38. h4 h6 39. hxg5 hxg5 40. Rh1
Re7 41. Rh8+ Kb7 42. Rb8+ Ka6 43. Rg8 g4 44. Rf8 Bg6 45. Rg8 Bf5 46. Rf8 Be6
47. Kxe4 Bd5+ 48. Kf5 Bxg2 49. Kxg4 Bd5 50. Kg5 Kb7 51. Rb8+ Ka6 52. Rd8 Kb7
53. Kg6 a5 54. bxa5 Ka6 55. Ra8+ Kb7 56. Rh8 Ka6 57. Bd6 Ra7 58. f4 Kxa5 59. f5
Ka4 60. Rh4+ Kb3 61. Be5 Re7 62. Kf6 Rf7+ 63. Kg5 Re7 64. Bd4 Rb7 65. Kf6 b4
66. cxb4 Rxb4 67. Ke5 Rb7 68. Kd6 Rf7 69. f6 Kc4 70. Be5+ Kb5 71. Rd4 Ka6 72.
Rxd5 cxd5 73. Ke6 Rf8 74. Ke7 Rc8 75. f7 d4 76. Bxd4 1-0

[Event "la-Grande 2014"]
[Site "Cappelle-la-Grande (FRA)"]
[Date "????.??.??"]
[Round "1.89"]
[White "Jarmula, Pawel"]
[Black "Yagupov, Igor"]
[Result "1/2-1/2"]
[WhiteElo "2168"]
[BlackElo "2393"]
[PlyCount "105"]
[EventDate "2014.03.01"]
[EventType "team-tourn"]
[EventCountry "FRA"]

1. e4 c5 2. Nf3 e6 3. b3 b6 4. Bb2 Bb7 5. Qe2 Nc6 6. c4 d6 7. d4 cxd4 8. Nxd4
Nf6 9. Nd2 Be7 10. g3 O-O 11. Bg2 Nxd4 12. Bxd4 Nd7 13. O-O Qc7 14. Rad1 a6 15.
f4 e5 16. Be3 exf4 17. Bxf4 Rfe8 18. Qf2 Nc5 19. b4 Nd3 20. Qe3 Nxf4 21. gxf4
Bf8 22. Kh1 a5 23. b5 d5 24. cxd5 Bxd5 25. a4 Rad8 26. Rc1 Qb8 27. Qf2 Ba8 28.
e5 Bc5 29. Qe2 f6 30. Ne4 fxe5 31. Nxc5 bxc5 32. Rxc5 exf4 33. Qc4+ Kh8 34.
Bxa8 Qxa8+ 35. Rc6 Rd6 36. Rxf4 Rc8 37. Qc5 Rg6 38. Rc4 h6 39. Qd5 Rf8 40. Rc1
Rg5 41. Qe4 Qd8 42. b6 Rd5 43. Qg4 Rd4 44. Qh5 Rh4 45. Qe5 Qd3 46. Rg1 Qf3+ 47.
Rg2 Qf1+ 48. Rg1 Rxh2+ 49. Qxh2 Qf3+ 50. Qg2 Qh5+ 51. Qh2 Qd5+ 52. Qg2 Qh5+ 53.
Qh2 1/2-1/2

[Event "la-Grande 2014"]
[Site "Cappelle-la-Grande (FRA)"]
[Date "????.??.??"]
[Round "1.90"]
[White "Leenhouts, Koen"]
[Black "N'Guyen, Emilien"]
[Result "1-0"]
[WhiteElo "2391"]
[BlackElo "2158"]
[PlyCount "53"]
[EventDate "2014.03.01"]
[EventType "team-tourn"]
[EventCountry "FRA"]

1. d4 d5 2. c4 dxc4 3. e3 Nf6 4. Bxc4 e6 5. Nf3 c5 6. O-O a6 7. Bb3 Nc6 8. Qe2
cxd4 9. exd4 Be7 10. Nc3 O-O 11. Rd1 Nb4 12. Ne5 Nbd5 13. Rd3 Nxc3 14. bxc3 Nd7
15. Rh3 g6 16. Qe3 h5 17. Nxf7 Kxf7 18. Qxe6+ Kg7 19. Rxh5 Nf6 20. Bh6+ Kh8 21.
Bxf8+ gxh5 22. Qxe7 Qxe7 23. Bxe7 Ne4 24. Re1 Bf5 25. Bc2 Re8 26. Bh4 b5 27. f3
1-0

[Event "la-Grande 2014"]
[Site "Cappelle-la-Grande (FRA)"]
[Date "????.??.??"]
[Round "1.91"]
[White "Jensen, Jacob Bjerre"]
[Black "Berg, Klaus"]
[Result "0-1"]
[WhiteElo "2154"]
[BlackElo "2389"]
[PlyCount "58"]
[EventDate "2014.03.01"]
[EventType "team-tourn"]
[EventCountry "FRA"]

1. d4 Nf6 2. Nf3 e6 3. e3 c5 4. Bd3 d5 5. c3 Bd6 6. Nbd2 Nbd7 7. O-O O-O 8. Qc2
e5 9. dxe5 Nxe5 10. Nxe5 Bxe5 11. c4 dxc4 12. Bxc4 Bc7 13. h3 Re8 14. Rd1 Qe7
15. Nf3 Ne4 16. Bb5 Rf8 17. Bd3 Bf5 18. Nd2 Rad8 19. Re1 Ba5 20. Re2 Ng3 21.
Bxf5 Nxe2+ 22. Kf1 Nxc1 23. Nc4 Nxa2 24. Rxa2 Bb4 25. Rxa7 g6 26. Be4 Rd7 27.
Nb6 Rd2 28. Nd5 Qe5 29. f4 Qxd5 0-1

[Event "la-Grande 2014"]
[Site "Cappelle-la-Grande (FRA)"]
[Date "????.??.??"]
[Round "1.92"]
[White "Loiseau, Quentin"]
[Black "Kienitz, Andre"]
[Result "1-0"]
[WhiteElo "2388"]
[BlackElo "2152"]
[PlyCount "75"]
[EventDate "2014.03.01"]
[EventType "team-tourn"]
[EventCountry "FRA"]

1. Nf3 Nf6 2. c4 c5 3. Nc3 b6 4. g3 Bb7 5. Bg2 g6 6. d3 Bg7 7. Bd2 O-O 8. Qc1
d6 9. Bh6 Ng4 10. Bxg7 Kxg7 11. h4 h5 12. Nd5 e6 13. Qc3+ Kg8 14. Nf4 Qf6 15.
Qxf6 Nxf6 16. O-O Nbd7 17. a3 Bc6 18. b4 a5 19. b5 Bb7 20. e3 Rac8 21. Ne2 Rfd8
22. Rfd1 Kf8 23. Nc3 Ke7 24. Na4 Rb8 25. d4 Be4 26. Rac1 Ng4 27. Rd2 Rdc8 28.
d5 e5 29. Nxe5 Ndxe5 30. Bxe4 Re8 31. Bg2 f5 32. Re2 Kd7 33. f4 Nf7 34. Rce1
Nf6 35. e4 fxe4 36. Bxe4 Nxe4 37. Rxe4 Rxe4 38. Rxe4 1-0

[Event "la-Grande 2014"]
[Site "Cappelle-la-Grande (FRA)"]
[Date "????.??.??"]
[Round "1.93"]
[White "Marchyllie, Bruno"]
[Black "Rambaldi, Francesco"]
[Result "0-1"]
[WhiteElo "2148"]
[BlackElo "2388"]
[PlyCount "52"]
[EventDate "2014.03.01"]
[EventType "team-tourn"]
[EventCountry "FRA"]

1. e4 c5 2. d4 cxd4 3. c3 dxc3 4. Nxc3 Nc6 5. Nf3 e6 6. Bc4 a6 7. O-O b5 8. Bb3
Bb7 9. Qe2 Nge7 10. Bg5 h6 11. Bh4 g5 12. Bg3 Ng6 13. Rfd1 g4 14. Nd4 Nce5 15.
Nf5 h5 16. Rd2 h4 17. Nxh4 Rxh4 18. Bxh4 Qxh4 19. g3 Qh3 20. f4 gxf3 21. Qf1
Qh6 22. Rad1 Bc5+ 23. Kh1 b4 24. Na4 Be3 25. Rd4 Ke7 26. Qe1 Qxh2+ 0-1

[Event "la-Grande 2014"]
[Site "Cappelle-la-Grande (FRA)"]
[Date "????.??.??"]
[Round "1.94"]
[White "Manea, Alexandru"]
[Black "Brookes, Christopher"]
[Result "1/2-1/2"]
[WhiteElo "2385"]
[BlackElo "2146"]
[PlyCount "84"]
[EventDate "2014.03.01"]
[EventType "team-tourn"]
[EventCountry "FRA"]

1. d4 Nf6 2. c4 g6 3. Nc3 d5 4. Nf3 Bg7 5. Bf4 c6 6. e3 O-O 7. Be2 Bf5 8. Qb3
Qb6 9. c5 Qxb3 10. axb3 Nbd7 11. h3 Ne4 12. b4 Rfe8 13. g4 Nxc3 14. bxc3 Be4
15. O-O e5 16. Bh2 Bxf3 17. Bxf3 a6 18. Ra2 Bf6 19. Bg3 Rac8 20. Rd1 exd4 21.
cxd4 Bd8 22. Kg2 Bc7 23. Bh4 Bd8 24. Bg3 Bc7 25. g5 Bxg3 26. Kxg3 Rc7 27. h4 f5
28. Rh1 Nf8 29. Bd1 Rf7 30. Rh3 f4+ 31. Kg2 Rfe7 32. Ra3 Ne6 33. Bg4 fxe3 34.
fxe3 Nc7 35. Rf3 Kg7 36. Kg3 Re4 37. Rd3 Ne6 38. Rf2 Nc7 39. Rf3 Ne6 40. Rf2
Nc7 41. Rf3 Ne6 42. Rf2 Nc7 1/2-1/2

[Event "la-Grande 2014"]
[Site "Cappelle-la-Grande (FRA)"]
[Date "????.??.??"]
[Round "1.95"]
[White "Warakomska, Anna"]
[Black "Migot, Tangi"]
[Result "1/2-1/2"]
[WhiteElo "2144"]
[BlackElo "2379"]
[PlyCount "92"]
[EventDate "2014.03.01"]
[EventType "team-tourn"]
[EventCountry "FRA"]

1. e4 c5 2. Nf3 d6 3. d4 cxd4 4. Nxd4 Nf6 5. Nc3 e6 6. Be2 Be7 7. O-O O-O 8.
Be3 Nc6 9. f4 e5 10. Nf5 Bxf5 11. exf5 exf4 12. Rxf4 d5 13. Kh1 Bd6 14. Rf1 Be5
15. Bg5 h6 16. Bxf6 Qxf6 17. Qxd5 Qh4 18. g3 Bxg3 19. Qg2 Be5 20. Rf3 Rfe8 21.
Raf1 Rad8 22. f6 g6 23. Bd3 Qg5 24. Qh3 Bxc3 25. bxc3 Kh7 26. Rg1 Qd2 27. Qg3
Ne5 28. Rf2 Qg5 29. Qxg5 hxg5 30. Bb5 Re6 31. Rxg5 Rd5 32. Bf1 Rd1 33. Kg2 Rdd6
34. Bb5 Nc6 35. Bc4 Rxf6 36. Rxf6 Rxf6 37. Rd5 Kg7 38. Bb3 b6 39. Rd7 a5 40.
Bd5 Ne5 41. Re7 Rd6 42. c4 Kf6 43. Rb7 Nd7 44. h4 Ke7 45. Kg3 Rf6 46. c5 bxc5
1/2-1/2

[Event "la-Grande 2014"]
[Site "Cappelle-la-Grande (FRA)"]
[Date "????.??.??"]
[Round "1.96"]
[White "Bujisho, Benjamin"]
[Black "Poulet, Pierre-Emmanuel"]
[Result "1-0"]
[WhiteElo "2376"]
[BlackElo "2144"]
[PlyCount "73"]
[EventDate "2014.03.01"]
[EventType "team-tourn"]
[EventCountry "FRA"]

1. d4 d5 2. c4 c6 3. Nc3 Nf6 4. Nf3 e6 5. Bg5 h6 6. Bxf6 Qxf6 7. e3 Nd7 8. Qc2
g6 9. Be2 dxc4 10. Bxc4 Bg7 11. O-O O-O 12. Rfd1 Qe7 13. h3 b6 14. a4 Bb7 15.
a5 Rab8 16. axb6 axb6 17. Ra7 Rfd8 18. e4 Qd6 19. d5 exd5 20. exd5 c5 21. Nb5
Qf4 22. Re1 Ne5 23. Nxe5 Bxe5 24. g3 Qf6 25. Qe4 Re8 26. Kg2 Kg7 27. Rxb7 Bxg3
28. Qf3 Rxe1 29. Qxf6+ Kxf6 30. Rd7 Rc1 31. b3 Be5 32. d6 Bd4 33. Rxf7+ Ke5 34.
Re7+ Kf5 35. Bd3+ Kf6 36. Nc7 Rf8 37. h4 1-0

[Event "la-Grande 2014"]
[Site "Cappelle-la-Grande (FRA)"]
[Date "????.??.??"]
[Round "1.97"]
[White "Pedersen, Henrik Bolding"]
[Black "Shirazi, Kamran"]
[Result "0-1"]
[WhiteElo "2140"]
[BlackElo "2375"]
[PlyCount "138"]
[EventDate "2014.03.01"]
[EventType "team-tourn"]
[EventCountry "FRA"]

1. e4 c5 2. c3 Nf6 3. e5 Nd5 4. d4 cxd4 5. Nf3 d6 6. Bc4 Nb6 7. Bb3 d5 8. Qxd4
Bf5 9. O-O Nc6 10. Qe3 e6 11. Nbd2 Be7 12. Nd4 Nxd4 13. Qxd4 O-O 14. Nf3 Rc8
15. Be3 Be4 16. Qd1 Qc7 17. Bd4 Nc4 18. Bxc4 dxc4 19. Nd2 Bg6 20. b3 cxb3 21.
axb3 b6 22. b4 Rfd8 23. Qa4 Ra8 24. Rfe1 h6 25. h3 a6 26. Qb3 Rd5 27. Nc4 Bc2
28. Qa2 Rxd4 29. cxd4 Bd3 30. Rec1 Qd8 31. Qb2 Bg5 32. Ne3 Be4 33. Qc3 a5 34.
bxa5 bxa5 35. Rd1 a4 36. Nc4 Be7 37. f3 Bd5 38. Nd6 Bxd6 39. exd6 Qxd6 40. Qc5
Qd8 41. Rd3 Rc8 42. Qb4 Rc4 43. Qd2 Qc7 44. Qe3 Qb6 45. Rdd1 f6 46. Rab1 Qa7
47. Rbc1 a3 48. Rxc4 Bxc4 49. Qc3 Qa4 50. Ra1 a2 51. Qb2 h5 52. Kh2 Bd5 53. Qc3
Qa6 54. Qc2 h4 55. Qb2 Kf7 56. Rc1 Bc4 57. Ra1 Ke7 58. Kh1 Kd7 59. Kh2 Bd5 60.
Kh1 Qa4 61. Rc1 Qb3 62. Qd2 Qa3 63. Ra1 Bc4 64. Qc2 Qb3 65. Qg6 Kd6 66. Kh2 Qc3
67. Rxa2 Bxa2 68. Qe8 Qc7 69. Qf8+ Kd5+ 0-1

[Event "la-Grande 2014"]
[Site "Cappelle-la-Grande (FRA)"]
[Date "????.??.??"]
[Round "1.98"]
[White "Ivanov, Mikhail M"]
[Black "Tomczak, Mikolaj"]
[Result "1/2-1/2"]
[WhiteElo "2367"]
[BlackElo "2138"]
[PlyCount "152"]
[EventDate "2014.03.01"]
[EventType "team-tourn"]
[EventCountry "FRA"]

1. d4 Nf6 2. c4 e6 3. g3 d5 4. Bg2 c6 5. Nf3 Bd6 6. O-O Nbd7 7. Nc3 O-O 8. Nd2
Bc7 9. e4 dxc4 10. Nxc4 e5 11. d5 cxd5 12. exd5 Nb6 13. Ne3 Bd6 14. a4 a5 15.
Qb3 Bd7 16. Nb5 Bb4 17. Rd1 Bxb5 18. axb5 Qd7 19. Bd2 Qxb5 20. d6 Rad8 21. Bxb4
axb4 22. Bxb7 Nbd7 23. Ba6 Qb6 24. Nc4 Qb8 25. Qe3 e4 26. Ra5 Rfe8 27. Bb5 Re6
28. Qa7 Qxa7 29. Rxa7 Nc5 30. Ne3 g6 31. Bc4 Rexd6 32. Rxd6 Rxd6 33. Rxf7 Kh8
34. g4 h6 35. b3 Ncd7 36. Re7 Nb6 37. Be6 Nh7 38. Nc4 Nxc4 39. Bxc4 Ng5 40. Kg2
Nf3 41. Rxe4 Nd2 42. Re8+ Kg7 43. Rg8+ Kf6 44. Rf8+ Ke5 45. Bg8 g5 46. Rb8 Rd4
47. h3 Ne4 48. Rb5+ Kf6 49. Bc4 Rd2 50. Kf3 Nd6 51. Rxb4 Rd4 52. Rb6 Ke5 53.
Bg8 Rf4+ 54. Kg2 Rf8 55. Bh7 Rc8 56. b4 Rc3 57. Rb8 Rb3 58. Bg6 Rb2 59. Bd3 Kd4
60. Rd8 Ke5 61. b5 Rb3 62. Bf1 Rb2 63. Rh8 Ne4 64. Re8+ Kd4 65. Rf8 Ra2 66. Rf5
Rb2 67. Rf7 Ke5 68. Bd3 Nd6 69. Rf3 Ke6 70. Bf5+ Ke7 71. Re3+ Kf7 72. Bd7 Nxb5
73. Be6+ Kf8 74. Bd7 Kf7 75. Bxb5 Rxb5 76. h4 gxh4 1/2-1/2

[Event "la-Grande 2014"]
[Site "Cappelle-la-Grande (FRA)"]
[Date "????.??.??"]
[Round "1.99"]
[White "Kieffer, Christian"]
[Black "Mannion, Stephen R"]
[Result "1/2-1/2"]
[WhiteElo "2135"]
[BlackElo "2365"]
[PlyCount "55"]
[EventDate "2014.03.01"]
[EventType "team-tourn"]
[EventCountry "FRA"]

1. e4 e5 2. Nf3 Nc6 3. Bb5 a6 4. Ba4 Nf6 5. d3 b5 6. Bb3 Bc5 7. a4 Rb8 8. axb5
axb5 9. O-O d6 10. Nc3 h6 11. Be3 Bg4 12. Nd5 O-O 13. h3 Bxf3 14. Qxf3 Nxd5 15.
Bxd5 Nd4 16. Bxd4 Bxd4 17. c3 Bb6 18. b4 Qe8 19. Ra6 c6 20. Bb3 Qc8 21. Rfa1
Kh8 22. Qg4 f5 23. exf5 Rxf5 24. d4 Qf8 25. Bc2 Rxf2 26. Qg6 Rxc2 27. Qxc2 exd4
28. Kh1 1/2-1/2

[Event "la-Grande 2014"]
[Site "Cappelle-la-Grande (FRA)"]
[Date "????.??.??"]
[Round "1.100"]
[White "Pogorelov, Ruslan"]
[Black "Stoeri, Laura"]
[Result "1-0"]
[WhiteElo "2364"]
[BlackElo "2131"]
[PlyCount "61"]
[EventDate "2014.03.01"]
[EventType "team-tourn"]
[EventCountry "FRA"]

1. Nf3 Nf6 2. c4 e6 3. Nc3 Bb4 4. Qc2 b6 5. a3 Bxc3 6. Qxc3 Bb7 7. e3 O-O 8.
Be2 d6 9. O-O Nbd7 10. b4 Ne4 11. Qc2 Ng5 12. Nxg5 Qxg5 13. f3 f5 14. d4 Rf6
15. Rf2 Rg6 16. Bd2 Qe7 17. Bd3 Rf8 18. a4 c5 19. a5 Qg5 20. e4 Qf6 21. exf5
exf5 22. axb6 Bxf3 23. Bc3 cxb4 24. Bb2 Ba8 25. d5 Qg5 26. Bxf5 b3 27. Qe4 Nc5
28. Qe2 Rh6 29. Rxa7 Bb7 30. Rxb7 Nxb7 31. Be6+ 1-0